Modelling Methodologies in Analogue Integrated Circuit Design / (Record no. 32172)

000 -LEADER
fixed length control field 00557nam a22001577a 4500
008 - FIXED-LENGTH DATA ELEMENTS--GENERAL INFORMATION
fixed length control field 240814b |||||||| |||| 00| 0 eng d
020 ## - INTERNATIONAL STANDARD BOOK NUMBER
International Standard Book Number TK 7874.M8 .D86 2020
100 ## - MAIN ENTRY--PERSONAL NAME
Personal name Dundar, Gunhan
245 ## - TITLE STATEMENT
Title Modelling Methodologies in Analogue Integrated Circuit Design /
260 ## - PUBLICATION, DISTRIBUTION, ETC. (IMPRINT)
Place of publication, distribution, etc. UK:
Name of publisher, distributor, etc. The institute of Engineering and Technology,
Date of publication, distribution, etc. 2020.
300 ## - PHYSICAL DESCRIPTION
Extent xiii,308p. ;
Other physical details ill. :
Dimensions 18cm
504 ## - BIBLIOGRAPHY, ETC. NOTE
Bibliography, etc includes bibliographical references and index.
650 ## - SUBJECT ADDED ENTRY--TOPICAL TERM
Topical term or geographic name as entry element Eletrical
700 ## - ADDED ENTRY--PERSONAL NAME
Personal name Mustafa
942 ## - ADDED ENTRY ELEMENTS (KOHA)
Source of classification or shelving scheme
Koha item type Hard Covered Materials
Classification part TK 7874 .M8.D86 2020
Holdings
Withdrawn status Lost status Source of classification or shelving scheme Damaged status Not for loan Home library Current library Shelving location Date acquired Source of acquisition Total Checkouts Full call number Barcode Date last seen Price effective from Koha item type
          MACHAKOS UNIVERSITY LIBRARY MACHAKOS UNIVERSITY LIBRARY Open shelf 14/08/2024 falcon   TK 7874 .M8.D86 2020 39985 14/08/2024 14/08/2024 Hard Covered Materials
© Machakos University Library, Along The Highway, Machakos Wote Rd, Machakos, Kenya P.O. Box 136 - 90100 Machakos - Kenya

Tel: ( +254 ) 723 805829 OR Fax : 044-20353 OR Email: library@mksu.ac.ke